|
|
|
|
| LEADER |
00000nab a2200000 a 4500 |
| 001 |
vtls000736069 |
| 003 |
SK-MaSNL |
| 005 |
20260304105158.0 |
| 008 |
250429c2000 xo 0 slo |
| 015 |
|
|
|a SNBRB2000/10-26435
|
| 035 |
|
|
|a CLN000087936
|
| 035 |
|
|
|a urn:nbn:sk:snk-abkdc
|
| 035 |
|
|
|a (urnnbn)urn:nbn:sk:snk:ar-a04zrk
|
| 035 |
|
|
|a (uuid)af3900fa-3a2f-4e5a-a847-91a0d568b7a5
|
| 040 |
|
|
|a SNKBUCL
|b slo
|c SNKBUCL
|e AACR2
|
| 041 |
0 |
|
|a slo
|
| 044 |
|
|
|a xo
|c SK
|
| 080 |
|
|
|a 371.214.11:372.880.54:371.32
|2 1997
|
| 080 |
|
|
|a 372.880.854:371.32
|2 1997
|
| 080 |
|
|
|a 371.32:373.3
|2 1997
|
| 080 |
|
|
|a 373.3(437.6)
|2 1997
|
| 100 |
1 |
|
|a Vavreková, Ľudmila
|4 aut
|9 12893
|
| 245 |
1 |
0 |
|a Vzdelávací štandard zo slovenského jazyka pre 2. stupeň základnej školy
|c Ľudmila Vavreková, Renáta Somorová
|
| 650 |
0 |
7 |
|a slovenčina
|2 snkbucl
|9 1350
|
| 650 |
0 |
7 |
|a školy základné
|2 snkbucl
|9 390867
|
| 650 |
0 |
7 |
|a vzdelávacie štandardy
|2 snkbucl
|9 70935
|
| 655 |
|
7 |
|a články z novín a časopisov
|2 snkbucl
|9 267496
|
| 700 |
1 |
|
|a Somorová, Renáta
|4 aut
|9 17513
|
| 773 |
0 |
|
|t Slovenský jazyk a literatúra v škole
|g Roč. 46, č. 5-6 (1999/2000), s. 129-148
|x 1335-2040
|
| 850 |
|
|
|a Slovenská národná knižnica
|
| 852 |
|
|
|a Slovenská národná knižnica
|
| 954 |
|
|
|a odborná, vedecká literatúra pôvodná (slovenská)
|2 lita
|
| 958 |
|
|
|a article27
|
| 958 |
|
|
|a OND
|
| 958 |
|
|
|a EUIPO
|
| 999 |
|
|
|c 2854580
|d 2856510
|